00572cam a2200181 a 4500008004100000020002200041245006700063260003200130300002900162440003700191500003800228504004100266650003600307700002000343003000100363005001700364040000900381  a0905451163 (pbk.)00aSoftware for engineering problems /cedited by Robert A. Adey. aSouthampton :bCML,cc1985. a108 p. :bill. ;c28 cm. 0aProgress in engineering sciences a"A Computational Mechanics book." aIncludes bibliographical references. 0aEngineeringxComputer programs.1 aAdey, Robert A.20230123134034.0 cNUST